Loading...
| Philosophy | 0 | 7 | 0 | 0 | 70 | 55 | 90.71 | 1 | 5 | 0.00 | 0.00 |
| Science - Physics | 0 | 7 | 0 | 1 | 70 | 71 | 97.43 | 1 | 4 | 0.00 | 0.00 |
| Science - Chemistry | 0 | 6 | 1 | 0 | 55 | 50 | 83.33 | 0 | 5 | 0.00 | 0.00 |
| History - European | 0 | 5 | 0 | 1 | 50 | 49 | 69.80 | 2 | 4 | 0.00 | 0.00 |
| Science - Biology | 0 | 5 | 0 | 0 | 50 | 76 | 88.20 | 0 | 4 | 0.00 | 0.00 |
| Science - Other | 0 | 5 | 0 | 0 | 50 | 43 | 81.20 | 1 | 2 | 0.00 | 0.00 |
| History - American | 0 | 5 | 0 | 0 | 50 | 70 | 90.60 | 1 | 4 | 0.00 | 0.00 |
| History - Other | 0 | 5 | 1 | 0 | 45 | 62 | 90.20 | 2 | 4 | 0.00 | 0.00 |
| Religion | 0 | 4 | 0 | 0 | 40 | 69 | 91.25 | 1 | 3 | 0.00 | 0.00 |
| Social Science | 0 | 4 | 1 | 0 | 35 | 28 | 71.75 | 4 | 4 | 0.00 | 0.00 |
| Literature - World | 0 | 4 | 1 | 0 | 35 | 74 | 101.25 | 1 | 3 | 0.00 | 0.00 |
| History - World | 0 | 3 | 0 | 0 | 30 | 60 | 81.00 | 1 | 3 | 0.00 | 0.00 |
| Literature - European | 0 | 3 | 1 | 0 | 25 | 41 | 95.33 | 0 | 2 | 0.00 | 0.00 |
| Fine Arts - Other | 0 | 3 | 1 | 0 | 25 | 71 | 90.00 | 1 | 2 | 0.00 | 0.00 |
| Literature - British | 0 | 3 | 1 | 0 | 25 | 88 | 91.67 | 0 | 2 | 0.00 | 0.00 |
| Fine Arts - Painting and Sculpture | 0 | 2 | 0 | 0 | 20 | 66 | 69.00 | 1 | 2 | 0.00 | 0.00 |
| Mythology | 0 | 2 | 0 | 0 | 20 | 91 | 102.50 | 0 | 2 | 0.00 | 0.00 |
| Other Academic | 0 | 1 | 0 | 0 | 10 | 128 | 128.00 | 0 | 0 | 0.00 | 0.00 |
| Current Events | 0 | 1 | 0 | 0 | 10 | 40 | 40.00 | 0 | 1 | 0.00 | 0.00 |
| Geography | 0 | 1 | 1 | 0 | 5 | 78 | 78.00 | 0 | 1 | 0.00 | 0.00 |
| Fine Arts - Classical Music | 0 | 0 | 1 | 0 | -5 | 0.00 | 0 | 0 | 0.00 | 0.00 | |
| Pop Culture | 0 | 0 | 1 | 0 | -5 | 0.00 | 0 | 0 | 0.00 | 0.00 | |
| Literature - American | 0 | 0 | 1 | 0 | -5 | 0.00 | 0 | 0 | 0.00 | 0.00 |